00000000nam 2200000za 4500
0019.822183
003CaOODSP
00520250109145006
007cr |||||||||||
008160808s2011    onc|||||o    f|0| 0 ind d
040 |aCaOODSP|beng
043 |an-cn---
0861 |aA15-11509/2011Ind-PDF|zA15-11509/2011Id-PDF
24500|a[Canadian blueberries]|h[electronic resource] : |b[a true taste of nature].
24613|aBlueberry Kanada : |bRasa Alami Sejati
250 |a[Indonesian edition].
260 |a[Ottawa : |bAgriculture and Agri-Food Canada, |cc2011].
300 |a2 p. : |bphotographs.
500 |aEnglish title supplied by the publisher.
500 |aIssued also in English under title: Canadian blueberries: a true taste of nature.
500 |aIssued also in Japanese, Spanish, Korean, Chinese, German, and French.
520 |aCanada is the second-largest producer and exporter of these delectable berries, after the United States, and they are a highly valuable crop. ...
546 |aText in Indonesian.
69207|2gccst|aAgri-food industry
693 4|aBlueberries
7101 |aCanada. |bAgriculture and Agri-Food Canada.
77508|tCanadian blueberries : |w(CaOODSP)9.695111
792 |t[Bleuets canadiens] |efre|w(CaOODSP)9.822185
85640|qPDF|s368 KB|uhttps://publications.gc.ca/collections/collection_2016/aac-aafc/A15-11509-2011-ind.pdf
986 |aAAFC No. 11509IND